Strategie růstu a společenská odpovědnost firem
Význam spoločenskej zodpovednosti firiem (CSR- Corporate social responsibility). Medzinárodná norma pre spoločenskú zodpovednosť ISO 26000. CSR a stratégia rastu. Šesť kategórií spoločenskej iniciatívy. CSR v hotelierstve. Výsledky výskumu, ktorého cieľom bolo zistiť, v akej miere hotely a hotelové...
Guardado en:
| Autor principal: | |
|---|---|
| Otros Autores: | |
| Formato: | Capítulo de libro |
| Lenguaje: | checo |
| Materias: | |
| Etiquetas: |
Sin Etiquetas, Sea el primero en etiquetar este registro!
|
MARC
| LEADER | 00000nla a2200000 4500 | ||
|---|---|---|---|
| 001 | 0226943 | ||
| 005 | 20240417075110.9 | ||
| 041 | 0 | |a cze | |
| 044 | |a CZ | ||
| 245 | 1 | 0 | |a Strategie růstu a společenská odpovědnost firem |c Petr Čech, Jiří Neubauer |
| 520 | |a Význam spoločenskej zodpovednosti firiem (CSR- Corporate social responsibility). Medzinárodná norma pre spoločenskú zodpovednosť ISO 26000. CSR a stratégia rastu. Šesť kategórií spoločenskej iniciatívy. CSR v hotelierstve. Výsledky výskumu, ktorého cieľom bolo zistiť, v akej miere hotely a hotelové reťazce využívajú stratégiu rastu. | ||
| 610 | 2 | 0 | |a rast podniku |
| 610 | 2 | 0 | |a zodpovednosť spoločenská |
| 610 | 2 | 0 | |a etika |
| 610 | 2 | 0 | |a kódexy etické |
| 610 | 2 | 0 | |a environmentalistika |
| 610 | 2 | 0 | |a rast hospodársky |
| 610 | 2 | 0 | |a rozvoj trvalo udržateľný |
| 610 | 2 | 0 | |a normy ISO |
| 610 | 2 | 0 | |a hotely |
| 610 | 2 | 0 | |a výskum |
| 100 | 1 | |a Čech, Petr | |
| 700 | 1 | |a Neubauer, Jiří | |